000 01314nam a2200289 c 4500
003 BLK
005 20221115162350.0
008 180412b bul|||||r ||||||| ||bul||
010 _aKNG00003844000
040 _aBLK
041 _aBUL
_cBUL
080 _aБългарска литература
_b821.163.2
_x-1
_z821.163.2-1
700 1 _aРадев, Иван
_eпод общ. ред. на
_gКръстев, Иван Радев
_9363297
139 _aРанна възрожденска поезия
_bР 36
245 1 0 _aРанна възрожденска поезия
_bОт Димитър Попски до Найден Геров : Сборник
_cпод общ. ред. на Иван Радев.
257 _aBGR
260 В. Търново
_bСлово
_c1994
300 _a88 с.
_c20 см
380 _aX
490 1 _aМалка ученическа библиотека
500 _aСъдържа и В оценките на литературната наука ; Антологии, включващи ранновъзрожденска поезия ; Препоръчителна библиография ; Речник
852 _aЦб 179131
856 4 _qpdf
_u
856 4 _qpdf
_u
942 _cKNG
_n0
_01
944 _aCR
_c15.01.2003
_kAB_DOS
944 _aED
_c23.11.2016
_kХристина_Везирева
999 _c2817
_d2817